Biggest cities in Oceania-top 100 - Statistics

General Stats
  • This quiz has been taken 20 times
    11 since last reset
  • The average score is 28 of 100
Answer Stats
Population Answer % Correct
1.57 million Auckland
88%
321k Canberra
88%
2.96 million Perth
88%
5.36 million Sydney
88%
400k Wellington
88%
1.07 million Adelaide
75%
500k Christchurch
75%
5.02 million Melbourne
75%
974k Port Moresby
75%
963k Suva
75%
189k Apia
63%
2.03 million Brisbane
63%
827k Darwin
63%
307k Hobart
63%
840k Honiara
63%
90k Port Vila
63%
76k Freezing Coast
50%
487k Gold Coast
50%
1.04 million Honolulu
50%
428k Majuro
50%
693k Newcastle
50%
324k South Tarawa
50%
45k Sunshine Coast
50%
93k Alice Springs
38%
24k Cairns
38%
47k Funafuti
38%
87k Hilo
38%
90k Noumea
38%
150k Nuku’alofa
38%
90k Palikir
38%
83k Rockhampton
38%
10k Tara
38%
70k Cook-Furtington
25%
40k Hamilton
25%
235k Melekeok
25%
371k Townsville
25%
80k Asterton
13%
8k Barin-Descát
13%
7k Blhung
13%
21k Blue Mountains
13%
10k Bokerton
13%
14k Bridgetown-Longreach
13%
85k Bunbury
13%
4k Capitol Hill
13%
4k Centé
13%
20k Coral Island Reseve
13%
18k Crediton
13%
2k Creek of the East
13%
5k Déd-Adańia
13%
5k Defghot-East Murray Port
13%
6k Delta of the Darling
13%
5k Denice-Southern Denice
13%
3k East Houston
13%
7k Esroit
13%
53k Frankston-South Melbourne
13%
3k Froster
13%
8k Gerliton
13%
26k Goroka-Mount Ghitrash
13%
3k Graét
13%
4k Grand Hills
13%
6k Great Rock-New Hartford
13%
5k Haéty
13%
38k Hagen
13%
40k Hastings-North Palmerston
13%
4k Hei Greats
13%
3k Houston
13%
9k Huain Creek
13%
9k Ijkot
13%
7k Lampéas
13%
2k Lazpis Lagoon
13%
4k Lin-Louis
13%
6k Murray River
13%
39k Nadi-Dareston
13%
350k New Birmingham
13%
127k New Britan
13%
100k New Harvard
13%
90k Newport
13%
27k Papette
13%
6k Port of the Murray
13%
15k Queenstown
13%
7k Raigren-West green Park
13%
8k Railston
13%
6k Riverside
13%
7k Ròséberry
13%
4k Semtzarg
13%
80k Shark Bay
13%
7k South Àfreté
13%
12k South Beach
13%
6k South creek-East Darling River
13%
7k South Darling River
13%
20k Southern Mountains
13%
40k South Hamilton-New Brisbane
13%
7k South Lagoon
13%
5k Super Creek
13%
91k Tae
13%
9k West Belton- Redwood
13%
7k West Bérry
13%
7k West Darling Creek
13%
2k West Lake
13%
4k Yigo
13%
No matching quizzes found
Score Distribution
Percent of People with Each Score
Percentile by Number Answered
Your Score History
You have not taken this quiz since the last reset